00809nam a2200241Ia 4500008004100000020001800041050001700059050001600076245004000092245008600132250001600218260001700234260002600251260000900277300001600286300002000302300001100322650002800333650003900361650003200400999001900432952011600451160418s9999 xx 000 0 und d a971-08-0752-8 aFIL DS 675.8 b.R5N65 1949 aNoli me tangere ni Dr. Jose Rizal / ctinagalog nina Domingo D. De Guzman, Maria Odulio De Guzman, Francisco Laksamana. a5th Edition aMandaluyong: bNational Books Store, c1950 a381 pages : billustrations ; c21 cm. aPhilippine literature.  aRizal, Jose -- 1861-1896 -- Novel. xShort stories, Philipines.  c293601d293601 001040aSMCbSMCcFILd2005-07-18l0oFIL DS 675.8 .R5N65 1949pSMC02739r2016-04-18 00:00:00w2016-04-18yBK